Ειδήσεις του 2024 - Ονόμασε τη Χώρα - Statistics

General Stats
  • This quiz has been taken 34 times
  • The average score is 6 of 16
Answer Stats
Στοιχείο Χώρα % Correct
Αλλάζει σημαία μετά το τέλος του καθεστώτος του Μπασάρ αλ Άσαντ Συρία
78%
Ένας μεγάλος πολιτικός υποψήφιος παραλίγο να δολοφονηθεί, αλλά γλιτώνει με ελαφρά τραύματα στο αυτί του Ηνωμένες Πολιτείες
74%
Φιλοξενεί τους Θερινούς Ολυμπιακούς Αγώνες Γαλλία
70%
Στρατιωτικός νόμος κηρύσσεται από τον πρόεδρο Γιουν Σουκ-γέολ, αλλά διαρκεί μόνο έξι ώρες Νότια Κορέα
65%
Ο Κιρ Στάρμερ εκλέγεται πρωθυπουργός Ηνωμένο Βασίλειο
52%
Γίνεται μέλος του ΝΑΤΟ Σουηδία
52%
Εκατοντάδες άνθρωποι σκοτώνονται ή τραυματίζονται όταν οι τηλεειδοποιητές τους εκρήγνυνται στις τσέπες τους Λίβανος
48%
Δολοφονείται ο ηγέτης της Χαμάς, Ισμαήλ Χανίγιε Ιράν
39%
Υπογράφει μια αμοιβαία αμυντική συνθήκη με τη Ρωσία και θεωρείται να έχει στείλει στρατεύματα για να πολεμήσουν στην Ουκρανία Βόρεια Κορέα
35%
Ξεκινά την κατασκευή μιας νέας μεγαλούπολης που ονομάζεται "The Line" Σαουδική Αραβία
22%
Η Κλαούντια Σέινμπαουμ εκλέγεται πρόεδρος – έγινε και η πρώτη γυναίκα και ο πρώτος Εβραίος που κατείχε τη θέση Μεξικό
13%
Αποτυγχάνει να μετακομίσει την πρωτεύουσα στη Νουσαντάρα μετά από την αρχική ανακοίνωση Ινδονησία
9%
Ο Ναγίμπ Μπουκέλε επανεκλέγεται Πρόεδρος με 80% των ψήφων Ελ Σαλβαδόρ
4%
Ο πληθυσμός ξεπερνά τα 41 εκατομμύρια, εκ των οποίων το 30% πιθανότατα γεννήθηκε σε διαφορετική χώρα Καναδάς
0%
Η χρηματιστηριακή αγορά επιστρέφει τελικά στο επίπεδό της από το 1989 – μια περίοδος 35 ετών χωρίς κανένα κέρδος Ιαπωνία
0%
Εισάγει ένα νέο νόμισμα που ονομάζεται Gold Ζιμπάμπουε
0%
No matching quizzes found
Score Distribution
Percent of People with Each Score
Percentile by Number Answered
Your Score History
You have not taken this quiz